000 00648nam a2200181Ia 4500
008 150610s9999 xx 000 0 und d
020 _a9780446539067
050 _aHD62.7
_b .S977 2008
100 _aSutton, Garrett
245 _aOwn your own corporation:
_bwhy the rich own their own companies and everyone else works for them /
_cGarret Sutton.
260 _aNew York :
_bBusiness Plus,
_c2008.
300 _a240pages ;
_c23 cm.
504 _aIncludes bibliographical references and index.
520 _aManagement.
650 _aHome-based business
_xManagement.
650 _aSmall business
_bLaw and legislation.
650 _xSelf employed.
999 _c288000
_d288000